[Event "Corus-4-kamp 1A"]
[Site "?"]
[Date "2008.01.15"]
[Round "2"]
[White "Witt, Rob"]
[Black "Plukkel, Sjoerd"]
[Result "1-0"]
[WhiteElo "2236"]
[BlackElo "2254"]
[Annotator "Witt"]
[PlyCount "81"]
[EventDate "2008.??.??"]

1. Nf3 d6 2. d4 Nd7 3. c4 e5 4. Nc3 {3'} Ngf6 {5'} 5. Bg5 {5'} Be7 {8'} 6. e3
O-O 7. Qc2 exd4 {17'} ({Gebruikelijker is om het centrum te handhaven. Bijv.} 
7... c6 8. Bd3 h6 9. Bh4 ({Kasparov speelde een keer} 9. h4 $5 {tegen Larsen.})
9... Re8 {en nu komt zowel de korte als lange rokade voor. Zelf speelde ik
lang geleden eens} 10. O-O-O {waarna mijn tegenstander een stuk meende te
winnen met} e4 $2 {Maar na} 11. Bxe4 (11. Nxe4 $2 Nxe4 {verliest een stuk.})
11... Nxe4 12. Qxe4 {heeft wit een pion gewonnen.}) 8. Nxd4 {6'} Nc5 {26'} 9.
Be2 {11'} c6 {53'} (9... Nce4 10. Nxe4 Nxe4 11. Bf4 Nc5 12. O-O $14) (9... Nfe4
10. Bxe7 Qxe7 11. Nd5 $16) (9... Ne6 10. Nxe6 Bxe6 11. O-O $14) (9... a5 10.
O-O c6 11. Rfd1 Qc7 12. Bf4 $14 {Christiansen - Schweier, Bayern 2000 (43.1-0)}
) 10. O-O {19'} Ne6 {56'} 11. Nxe6 {23'} Bxe6 {1.03'} 12. Rfd1 {25'} Qa5 $2 {
1.07'} (12... Qc7 13. Rd4 $14) 13. Bxf6 $1 {35'} gxf6 $6 {1.11'  Ik denk dat
zwart beter een pion had kunnen geven.} (13... Bxf6 14. Rxd6 ({Beter dan} 14.
Ne4 Be7 15. Nxd6 Rfd8 16. c5 b6 $13) 14... Rad8 (14... Bxc3 15. Qxc3 Qxc3 16.
bxc3 $16) 15. Rad1 {en zwart heeft dankzij het loperpaar enige compensatie
voor de pion.}) 14. a3 $2 {47' Niet goed. Ik wil op koningsaanval spelen. Het
witte paard moet naar g3 of f4, de loper naar d3 en eigenlijk wil ik ook nog
met een toren switchen naar de koningsvleugel. Ik dacht met b4 de dame naar c7
te dwingen omdat op Dg5 ik met tempowinst Pe4 kan spelen. Ik overzag echter
dat de dame ook naar e5 kan en b4 is dan een aanknopingspunt voor zwart met
a7-a5.} (14. Bd3 Kh8 15. Ne2 $16 {was achteraf beter geweest.}) 14... Kh8 {
1.19'} 15. b4 {49'} Qe5 $1 {1.20'} 16. Ne4 {51'} d5 {1.32'} 17. Ng3 Rg8 $6 {
1.34'} ({Goed was} 17... a5 $1 {en het witte voordeel is verdwenen.}) 18. cxd5
{58'} Bxd5 {1.35'} 19. Rd4 $6 {Over 60'} ({Veel beter was} 19. Bc4 $1 $14)
19... a5 $1 {Over 19' De stelling is weer onduidelijk, maar zwart gaat in
tijdnood komen.} 20. Rb1 {47'} axb4 21. axb4 Ra2 {17'} 22. Qd1 {43'} Bd8 $6 {
13'} (22... f5 $13) 23. Bc4 {40'  Mijn idee om de witte lopers te ruilen is
goed, maar dat had beter op f3 gekund.} (23. Bf3 $14) 23... Bxc4 {11'} 24. Rxc4
Bb6 (24... Bc7) 25. Qb3 {31'} (25. Re4 $5) 25... Rga8 $6 {10'} (25... Ra1) 26.
Re4 $1 {29'  valt ook f7 aan.} Qc7 $2 {8'} ({Taaier was} 26... Qd5 27. Qc3 {
Dit had ik gepland.} ({Rybka geeft de voorkeur aan} 27. Qxd5 cxd5 28. Re7 Ra1
29. Rf1) 27... Qg5 28. Re7 $16) 27. Qc3 $18 {28'} Qd8 $2 {5'} 28. Rf4 $2 {
A tempo gespeeld. Ik laat me toch weer meeslepen door zwarts tijdnood. Als je
even kijkt moet je toch de snelle winst kunnen vindenmet} (28. Nf5 $1 {dreigt
Te8+} Kg8 29. Ne7+ Kg7 30. Rg4+ Kf8 31. Qxf6 {Wat simpel eigenlijk.}) ({
Ook aardig maar minder sterk is} 28. Re8+ Qxe8 29. Qxf6+ Kg8 30. Nf5 Qf8 31.
Ne7+ Qxe7 32. Qxe7 $18) 28... R8a3 {3'} 29. Qc4 {26'} ({Ik had natuurlijk geen
zin in een beter eindspel met} 29. Qxf6+ Qxf6 30. Rxf6 $14 {maar toch was dat
het beste geweest.}) 29... Ra1 30. Qe4 $2 {25'} ({Noodzakelijk was} 30. Rf1 $14
) 30... Rxb1+ {2'} ({Na} 30... Bc7 $1 {staat zwart inmiddels beter} 31. Rh4 $2
{faalt op} f5 $1 $19) 31. Qxb1 Qa8 $2 {1'} (31... Rd3 $1 32. Nf1 Rd1 33. Qc2
Bc7 34. Rc4 $13) 32. Qf5 {22'} Qd8 $2 (32... Ra1+ 33. Nf1 Qd8 {Dreigt Txf1 en
Dd1 mat.} 34. g3 $14) 33. h3 Ra1+ 34. Kh2 Kg8 {Zwart nog 5" voor 6 zetten.} 35.
Rh4 {18'} Qd1 36. Qxh7+ {17'} Kf8 37. Qh8+ Ke7 38. Re4+ Kd7 39. Qe8+ Kd6 40.
Qe7+ Kd5 {Zwart had nog 1" maar helaas voor hem is het mat.} 41. Qd7# {Had ik
toch bijna een stelling van +10 verziekt.} 1-0

[Event "Corus-4-kamp 1A"]
[Site "?"]
[Date "2008.01.16"]
[Round "3"]
[White "Dewenter, Ulf"]
[Black "Witt, Rob"]
[Result "0-1"]
[WhiteElo "2220"]
[BlackElo "2236"]
[Annotator "Witt"]
[PlyCount "61"]
[EventDate "2008.??.??"]

{Mijn tegenstander had de 1e ronde met zwart kansloos verloren van Sjoerd
Plukkel (Modern Defence) en de 2e ronde met zwart een gewonnen stelling laten
verzanden in remise tegen Djurre ten Heeten (Trompovsky). Na mijn verlies
tegen Den Heeten en winst op Plukkel moest ik deze partij winnen om evt.
gedeeld eerste te worden.} 1. e4 e6 {7'  We (Sander, Almar en ik) waren wat
aan de late kant.} 2. Nc3 d5 3. Nf3 {Als voorbereiding had ik gekeken wat mijn
tegenstander tegen het Frans deed. Dat bleek bijna alles te zijn: 2.d3 en 3.
De2; doorschuifvariant; hoofd- en zijvarianten tegen de Winawer; en tenslotte
5.Pce2 i.p.v. 5.f4 tegen het klassieke Frans (3.Pc3 Pf6 4.e5 Pfd7). Concrete
voorbereiding was dusonmogelijk , zodat ik me maar beperkte tot 2.d3 en verder
relaxen en een goede nachtrust. Gelukkig maar, want wat hij nu speelt zou ik
niet bekeken hebben. Ik besefte meteen dat hij mijn nederlaag tegen Ian Rogers
in het ACT 2005 bekeken moest hebben en dat baarde mij enige zorgen.} Nf6 ({
Ik overwoog nog even het alternatief} 3... d4 4. Ne2 c5 {maar ik heb dat nog
nooit bekeken en ik herinnerde me dat Rogers naderhand zei dat hij daar altijd
op hoopte.}) 4. e5 Nfd7 5. d4 c5 {Meestal ontstaat deze stelling na 1.e4 e6 2.
d4 d5 3.Pc3 Pf6 4.e5 Pfd7 5.Pf3 c5.} 6. dxc5 {De gebruikelijke voortzetting.} (
{Tegen Nirav moet je rekening houden met} 6. Bg5 {de tweesnijdende Jackal
Attack van Adrian Skelton.}) 6... Nc6 7. Bf4 Bxc5 8. Bd3 {6'} f6 {17'  De
meest gespeelde zet. Er is ook een speelwijze zonder f6 maar ik kon me niet
meer herinneren hoe dat ging.} 9. exf6 Nxf6 10. Qe2 {9'  Gebruikelijk is de
korte rokade en zo speelde Rogers ook tegen mij. Ik wist helemaal niet dat een
opstelling met lange rokade ook in aanmerking komt. In mijn database scoort
wit 64% in 65 partijen.} O-O 11. O-O-O a6 {28' Het zwar te centrum is statisch.
Zwart zal wat op de damevleugel moeten doen en wit op de koningsvleugel.} ({
Ik zag dat} 11... Nh5 {slecht was wegens} 12. Bxh7+ Kxh7 13. Ng5+ {maar zo
simpel is dat kennelijk niet want een jonge Stellwagen heeft zich daar een
keer aan gewaagd.} Kg6 14. Nxe6 Bxe6 15. Qxe6+ Kh7 16. Rxd5 (16. Qh3 $5 Kg8 17.
Qxh5 Rxf4 18. Rxd5 $16) 16... Nxf4 17. Qe4+ Kh8 18. Rxd8 Raxd8 19. g3 Rde8 $6 (
19... Rd4 20. Qe1 Nd5 21. Nxd5 Rxd5 22. f4 $14) 20. Qc4 Ne6 21. f4 Bb6 22. Ne4
Ncd4 23. c3 Nf5 24. Kb1 Ne3 25. Qb5 Nxf4 26. Nd6 Re6 $2 (26... Rd8 27. Nxb7 Rd5
28. Qb4 Rdf5 $13) 27. Qd7 $18 Ref6 28. gxf4 Rxf4 29. a3 Rg4 30. Re1 Rf3 31.
Nf7+ {1-0 Kosteniuk - Stellwagen (Wijk aan Zee 2000}) 12. Kb1 {17'  Ik vraag
me altijd af of zo'n zet nou goed is of tempoverlies.Waarschijnli jk het
laatste.} ({Direct} 12. Ne5 {wordt vaker gespeeld.}) 12... b5 {30'  Misschien
niet de beste.} 13. Ne5 {25'} Nxe5 {35'} 14. Bxe5 Bd7 {38'  Dreigt b4 met
stukwinst.} 15. g4 $5 {48'} Be8 {54'   Ik weet niet of dit de beste is.} ({
Mijn eerste gedachte (en die zijn vaak het best) was} 15... Ne8 16. Rdf1 b4 17.
Nd1 Nd6 $13) 16. Rdf1 {1.08'} (16. a3 $5) (16. g5 $6 Bh5 17. f3 Ne8 $13) 16...
Qb6 (16... b4 17. Nd1 Bb5 $13) 17. h4 {Wit nog 50'} b4 {Zwart nog 53'} 18. Nd1
{47'} Nd7 {42'} (18... Bb5 {was weer een alternatief.}) 19. Bg3 {46'} (19. f4
Nxe5 20. fxe5 Bb5 {leek me prettig voor zwart.}) 19... Bd4 $1 {met de
bedoeling Pc5 of e5 en soms zit Lc3 in de stelling. Ik had het gevoel hier
beter te staan.} 20. Qd2 $1 {41'  Verhindert mijn bedoeling.} (20. h5 Nc5 21.
h6 Nxd3 22. hxg7 Bxg7 23. cxd3 Rc8 {en zwart staat prachtig.}) 20... Rc8 $6 {
36'  Deze voor de handliggende zet is misschien niet de beste.} ({Rybka komt
met het verrassende} 20... h5 $1) ({Ook paardzetten komen in aanmerking.} 20...
Ne5 21. Bxe5 Bxe5 22. f4 Bd4 23. h5 $13) (20... Nf6 21. f3 e5 $13) (20... Nc5
$2 21. Bxh7+ Kxh7 22. Qxd4 $16) 21. h5 Ne5 $6 {34'  Hierna komt wit beter te
staan.} (21... Nf6 $5) 22. Bxe5 {38'} Bxe5 23. h6 $2 {Daar heb je hem weer, de
A TEMPOZET!} ({Noodzakelijk was eerst} 23. f4 Bc3 24. Qg2 Bd4 25. h6 g6 26. f5
{en wit heeft het initiatief.} Bf7 {en nu misschien iets als} 27. Rh3 ({of} 27.
Qd2 $5) 27... Qd6 28. Rhf3 e5 29. fxg6 Bxg6 30. Bxg6 hxg6 31. Qd2 Rxf3 32. Rxf3
{en ik geef de voorkeur aan wit.}) 23... Bf4 $1 {33'  Deze tussenzet draait de
rollen volledig om. Mijn tegenstander zat duidelijk te balen.} 24. Qe1 {28'} g6
(24... gxh6 $5) 25. Ne3 Qd4 $1 {29'} 26. Rh3 {24'} a5 {26'} 27. Nd1 {18'} e5 {
25'} 28. Ba6 {17'} Rc7 {24'} 29. c3 {15'} Bd2 {22'  Een leuke zet om uit te
voeren, maar niet eens de beste.} (29... Bd7 $19) 30. Qe3 $2 {11'  Deze
verrassende zet had ik niet gezien en het duurde tenminste 2 minuten voor ik
besefte dat mijn dame nog steeds niet geslagen kon worden.} ({Ik rekende op} 
30. Qe2 {waarop ik van plan was} e4 {en daarna ruilen op c3 met winststelling.}
) 30... Bxe3 31. cxd4 {En terwijl ik deze zet noteerde gaf mijn tegenstander
op, zodat ik de matzet niet meer kon uitvoeren.  De Wijker Toren jongens
hadden snel remise gespeeld (Sveshnikov) zodat de eindstand luidt:   1/2 Ten
Heeten (2303) en Witt (2236) 2-3  Plukkel (2254) 11/2-3  Dewenter (2200) 1/2-3}
0-1

[Event "Euwe intern 2007-2008"]
[Site "?"]
[Date "2008.01.31"]
[Round "2.3"]
[White "Witt, Rob"]
[Black "Nijenhuis, Wim"]
[Result "1-0"]
[WhiteElo "2252"]
[BlackElo "1960"]
[Annotator "Witt"]
[PlyCount "47"]
[EventDate "2008.??.??"]

{Op deze (vanwege het slechte weer?) zeer matig bezochte clubavond met slechts
6 borden, was er toch wel veel te zien op de diverse borden. Gertjan van der
Hoeven won op werkelijk briljante wijze van Rob Ritzema. Alje Hovenga, op de
nieuwe ratinglijst de hoogst genoteerde speler van Euwe I, werd weggespeeld
door Marc Ordodi, maar wist een toreneindspel met 2 pionnen minder zelfs nog
te winnen. Arne Moll had het moeilijk tegen Jos ten Hacken, had in 1 zet
kunnen verliezen, maar won toch. Zelf wist ik op tamelijk geruisloze wijze te
winnen van onze onvolprezen Euwe Online redacteur Wim Nijenhuis.} 1. Nf3 Nf6 2.
c4 e6 3. Nc3 d5 4. d4 Bb4 {Via een omweggetje zijn we toch weer terecht
gekomen in de Ragozinvariant van het Damegambiet.} 5. cxd5 exd5 6. Bg5 h6 7.
Bh4 {2'} c5 {5' Nieuw voor mij. (Noot Wim Nijenhuis: deze zet werd driemaal
door Fischer gespeeld, en even speelde ik met de gedachte de partij aan de
nagedachtenis van de pas overleden Fischer op te dragen. Ik moet daarvan af
zien, omdat het door mij in het vervolg getoonde spel een onwaardig eerbetoon
aan Fischer zou zijn)} ({Wim heeft kennelijk geen vertrouwen meer in zijn oude
lijfvariant} 7... g5 8. Bg3 Ne4 9. Nd2 $1) 8. e3 {9' Dit blijkt de meest
gespeelde zet te zijn.} ({Een alternatief is} 8. dxc5 {Bijv.} Nc6 9. e3 g5 10.
Bg3 Ne4 11. Bb5 Nxc3 12. Bxc6+ bxc6 13. Qd4 Nxa2+ 14. Kd1 f6 15. Rxa2 a5 $13 {
Kortschnoj - Sosonko, Hastings 1975 (50.1-0)}) 8... c4 {6' Deze minder
gebruikelijke zet speelde Wim snel.} (8... Nc6 9. Bb5 g5 10. Bg3 Ne4 11. O-O
Bxc3 12. bxc3 Nxc3 13. Bxc6+ bxc6 14. Qc2 Ne4 15. dxc5 $14 {Adorjan - Inkiov,
Banja Luka 1983 (74.1/2-1/2)}) (8... g5 9. Bg3 Ne4 10. Bb5+ Kf8 (10... Bd7 11.
Bxd7+ Nxd7 $13) 11. dxc5 Nxc3 12. bxc3 Bxc3+ 13. Ke2 Bxa1 14. Qxa1 f6 15. h4 g4
16. Nd4 Kf7 17. Bd3 Nd7 18. Qc3 Ne5 19. Nb5 Qe7 20. Nd6+ Kf8 21. Rd1 b6 22. Bc2
Ba6+ 23. Ke1 Bc4 24. Nxc4 dxc4 25. Rd6 Re8 26. Bxe5 fxe5 27. Qxc4 Qf7 28. Qe4
g3 29. fxg3 {1-0 Kasparov - Sosonko, Tilburg 1981}) (8... O-O 9. Bd3 c4 10. Bb1
Nbd7 11. O-O Qa5 12. Qc2 Bxc3 13. Qxc3 Qxc3 14. bxc3 Re8 15. Nd2 Nh5 16. a4
Ndf6 17. Bc2 Bd7 18. Rfe1 g5 19. Bg3 Nxg3 20. hxg3 Re6 21. f3 Rb6 22. Reb1 $14
{Kasparov - Aleksandrov, Bled 2002 (40.1-0)}) 9. Qa4+ {14' Een nieuwtje dat
niet veel oplevert.} ({Gebruikelijk is} 9. Nd2 {en nu speelde Dizdar enkele
keren} g5 (9... Be6 $5) 10. Bg3 Bf5 {en het is me niet helemaal duidelijk hoe
wit nu het beste kan voortzetten.}) 9... Nc6 10. Ne5 Qa5 {12'} (10... Qb6 {
lijkt me een goed alternatief.}) 11. Qxa5 Nxa5 ({Het alternatief} 11... Bxa5 {
lijkt me gelijkwaardig aan de tekstzet. Zwart hoeft niet bang te zijn voor
dubbelpionnen, want daar krijgt hij open lijnen en/of het loperpaar voor terug.
}) 12. f3 {21'} b5 $6 {21' Een beetje verzwakkend en het zwarte paard kan niet
meer zo snel terug naar c6. Het lijkt me beter om eerst verder te gaan met de
ontwikkeling.} ({Bijv.} 12... g5 13. Bf2 Be6 14. O-O-O O-O-O {met gelijke
kansen.}) 13. O-O-O $14 {22'} Bxc3 {23' Een beetje jammer van de zwarte loper,
maar waarschijnlijk toch het beste.} ({We keken achteraf nog even naar} 13...
a6 {maar na} 14. Bxf6 Bxc3 (14... gxf6 15. Nxd5 fxe5 16. Nxb4 exd4 17. Rxd4 $16
) 15. Bxg7 Rh7 16. Bf6 Bb4 {en in beide varianten heeft wit een gezonde
pluspion.}) ({Een andere poging om de zwarte loper te behouden is} 13... g5 14.
Be1 Rb8 15. Be2 Bd6 {Maar wit staat goed na bijv.} 16. h4 O-O (16... b4 $2 17.
hxg5 bxc3 18. Bxc3 $18) 17. e4 b4 18. Nxd5 Nxd5 19. exd5 Re8 20. hxg5 hxg5 21.
Bf1 $16) 14. bxc3 Bf5 $6 {28' Tempoverlies vergeleken met de partij.} ({
Na het betere} 14... Be6 {heeft wit een klein plusje vanwege het loperpaar en
de mogelijkheid om in het centrum aktief te worden.}) 15. g4 {27'} Be6 {29'} ({
Ik verwachtte} 15... Bh7 16. Bg2 Rb8 {waarop ik ook voortgezet zou hebben met}
17. Be1 $14 ({De computers zien meer in} 17. Kb2 b4 18. cxb4 (18. Rd2 b3) 18...
Rxb4+ 19. Kc3 Rb6 20. Rhe1 $14)) 16. Bg2 {Over 56'} Rb8 {Over 52'} ({Er is ook
iets te zeggen voor} 16... Nb7 {gevolgd door a5 of Pd6.}) 17. Be1 {Fritz/Rybka
geven weer de voorkeur aan een koningszet. Beter is Ke7 of 0-0.} Nd7 $6 {
48' Achteraf was Wim hier ontevreden over. Hij vond dat hij het witte paard
moest afruilen, maar dat is geen goed plan.} 18. h3 {53'} (18. Bg3 Rb6 19. Kc2
$14) 18... Nxe5 {46' Dit leek me tijdens de partij niet goed, maar gek genoeg
staat de zet zowel bij Fritz als Rybka bovenaan het lijstje.} (18... O-O) 19.
dxe5 Nc6 $2 {Pas deze A TEMPO gespeelde zet is slecht.} ({Beter was bijv.} 
19... h5 20. f4 hxg4 21. hxg4 Rxh1 22. Bxh1 Bxg4 23. Rxd5 $14) 20. f4 {Zwart
is gelijk in grote problemen.} b4 {42'} (20... Ne7 21. f5 Bc8 22. f6 $18) 21.
f5 {38'} (21. e4 {was ook sterk.}) 21... Nxe5 $2 {Een blunder in verloren
stelling.} (21... Bd7 22. Rxd5 b3 23. axb3 cxb3 24. Kb2 $18) 22. Bg3 b3 {39'}
23. Bxe5 {37'} bxa2 24. Kc2 {en Wim geeft op.} 1-0

[Event "Euwe intern 2007-2008"]
[Site "?"]
[Date "2008.02.07"]
[Round "2.4"]
[White "Oude Brunink, Ben"]
[Black "Witt, Rob"]
[Result "0-1"]
[WhiteElo "1680"]
[BlackElo "2252"]
[Annotator "Witt"]
[PlyCount "66"]
[EventDate "2008.??.??"]

{Het is al weer een paar jaar geleden dat ik tegen Oude Brunink gespeeld heb.
Sinds er op de interne op tpr ingedeeld wordt, is het er niet meer van gekomen.
Maar de laatste tijd is de indeling op zijn minst merkwaardig te noemen. In
mijn herinnering is Oude Brunink een solide speler die gezonde openingen
speelt en daar ook wat vanaf weet. Hij speelt al jaren op 1800 niveau, maar
het afgelopen jaar is hij 100 punten gezakt naar 1680. Gelukkig wist ik dat
niet, want onderschatting van een tegenstander is mij niet vreemd.} 1. d4 d5 2.
c4 e6 {Geen Slavisch omdat ik bang was dat hij dan misschien de Ruilvariant
zou spelen.} 3. Nc3 c6 4. e4 $5 {Een opmerkelijke keuze die ik niet verwacht
had.} ({Op} 4. Nf3 {zou ik de Noteboom gespeeld hebben.}) 4... dxe4 {Hoewel ik
geen enkele ervaring met deze zet heb, besloot ik zo scherp mogelijk te spelen.
} ({Het minder bekende} 4... Bb4 {is een solide methode om het Slavisch
Gambiet te ontwijken.}) 5. Nxe4 Bb4+ 6. Bd2 {3'} ({Een rustiger alternatief is
} 6. Nc3 c5 $13) 6... Qxd4 {1'} 7. Bxb4 Qxe4+ 8. Ne2 {Tijdens de partij en
direkt na afloop zou ik deze zet een ? gegeven hebben. Oude Brunink vertelde
me echter dat dit zetje in een boek van Taimanov behandeld wordt. Hij hoopte
mij hiermee uit mijn theorie te halen, wat gelukt is. Achteraf zie ik dat deze
mij volledig onbekende zet ruim 100 keer gespeeld is, ook door sterke
grootmeesters.} ({Gangbaarder is} 8. Be2 {waarmee wit in de praktijk goed
scoort.}) 8... Na6 9. Bc3 {5'  Ook deze zet leek mij niks. Maar mijn
tegenstander doceerde dat de hoofdvariant weliswaar verder gaat met 9.Lf8!?
maar dat Taimanov 9.Lc3 interessant vindt, alleen was er nog geen ervaring mee.
Toch verbluffend hoeveel Oude Brunink weet.} ({Zowel Fritz als Rybka geven wit
na} 9. Bf8 $5 {ondanks een pion minder een klein plusje. Toch wel opmerkelijk.
Vrijwel alle partijen gaan nu verder met} Ne7 {Daar was ik nooit opgekomen.} ({
In de nazit analyseerden we alleen} 9... Qg6) (9... Qe5 {en die bleken niet zo
makkelijk voor zwart.}) 10. Bxg7 Rg8 11. Qd4 $13) 9... Nf6 {3'  Deze achteloos
gespeelde zet blijkt nieuw te zijn.} (9... Ne7 10. Bxg7 Nb4 11. Bxh8 e5 12. Qd6
Nc2+ 13. Kd2 Nxa1 14. f3 Qc2+ 15. Ke1 Qb1+ 16. Kf2 Nc2 17. Bf6 Qe1+ 18. Kg1 Qb4
19. Bxe7 {1-0 Wojtaszek,R (2635)-Szabo,K (2492) Stockholm 2007}) (9... e5 $5
10. Qd6 f6 11. Rd1 Kf7 12. f4 exf4 13. Rd4 Qe7 14. Qxf4 Nh6 15. Re4 Qd8 16. Qf3
Bf5 17. Rd4 Qc8 18. h3 Re8 19. g4 Bg6 20. Bg2 Kg8 21. O-O Nc5 $15 {Malaniuk,V 
(2540)-Kharlov,A (2555) Moscow 1992 (67.1/2-1/2)}) 10. Qd2 $6 {7'  Hierna
krijgt wit onvoldoende compensatie lijkt me.} ({Het zal waarschijnlijk moeten
komen van} 10. Qd6 {waarop ik} Qxc4 {gespeeld zou hebben. Een mogelijk vervolg
is dan} 11. Rd1 Nd5 12. Bxg7 Rg8 {en dit leek en lijkt me wel in orde voor
zwart.}) 10... O-O {6'} 11. Qg5 $2 {15'  Dit was kennelijk de bedoeling van
zijn vorige zet maar het heeft weinig zin.} ({Ik verwachtte} 11. Bxf6 gxf6 12.
O-O-O {en ik wist nog niet of ik op c4 zou durven slaan of e6-e5 zou spelen om
snel mijn loper te ontwikkelen. Het eerste kan miscchien, maar het tweede ziet
er wat gezonder uit.}) 11... h6 {14'} 12. Qf4 $6 {17'  Ook dit kwam voor mij
als een verrassing.} ({Op} 12. Qg3 {was ik} Nh5 $15 {van plan met voordeel.} ({
De computer geeft echter de voorkeur aan} 12... e5 $5 13. Bxe5 (13. Qxe5 Re8
14. Qxe4 Nxe4 $17) 13... Nh5 (13... Ng4 $5 14. Bc3 Nc5 15. Rd1 Qg6 $15) 14. Qe3
Qxe3 15. fxe3 Re8 $15)) 12... Nc5 $1 {17'} 13. Qxe4 {26'} Nfxe4 {Het is
duidelijk dat de witte openingsopzet mislukt is. Zwart staat op winst.} 14. Rd1
{28'} Nxc3 {22'} 15. Nxc3 a5 16. Be2 e5 {24'} 17. O-O {32'} f5 {28'  Ik wilde
wits bewegingsvrijheid zoveel mogelijk beperken.} (17... Be6 18. f4 exf4 19.
Rxf4 Rfd8 20. Rfd4 Rxd4 21. Rxd4 Kf8 {is ook goed maar vond ik te saai.}) 18.
Rd6 Be6 {31'} 19. Rfd1 {35'} (19. Na4 Nxa4 20. Rxe6 Rfe8 $19) 19... Kf7 20. h4
$6 {37'  Zet zijn pionnen vast op zwart voor het eindspel, maar dit bracht mij
op het idee om op koningsaanval te spelen.} Ke7 21. b3 {42'} g5 {35'} (21...
Rad8 {is normaal, goed maar saai. De witte torens kunnen toch niks doen, zodat
ik rustig een koningsaanval kan voorbereiden.}) 22. hxg5 hxg5 23. g3 Rh8 {37'}
24. Bf3 Rh6 {42'} ({Ik laat me niet afleiden door het sterke alternatief} 24...
e4 25. Bg2 Nd3 26. Rd4 g4 $19) 25. Bg2 {47'} g4 {43'} 26. Ne2 {Over: 37'} Rah8
{Over: 46'} 27. Nc1 $2 {33'  Wit weet niet meer wat hij moet doen en bezwijkt
snel.} ({Taaier was} 27. R6d2) 27... Ne4 {40'} ({Nog sterker was} 27... f4 $1)
28. R6d3 {31'} ({Mijn vorige zet was ingegeven door de truc} 28. Bxe4 $2 fxe4
29. Kf1 Bxc4+ 30. bxc4 Rxd6 $19) ({Oude Brunink had eigenlijk} 28. R6d2 {
gespeeld, zag toen dat ik die gewoon kon nemen en zei dat Td3 zijn bedoeling
was geweest. "Okay", zei ik.}) 28... Ng5 ({Ik was niet helemaal zeker van} 
28... f4 29. gxf4 (29. Bxe4 f3 {en wit loopt mat.}) 29... exf4 30. f3 (30. Bxe4
f3 31. Rxf3 Rh1+ 32. Kg2 gxf3+ 33. Bxf3 R8h2+ 34. Kg3 Rxd1 35. Bxd1 Rh1) 30...
Ng5 31. fxg4 Bxg4 32. Re1+ {maar zwart wint simpel na} Re6 33. Rxe6+ Kxe6) 29.
Kf1 $2 {30'  Dit verliest snel.} ({Noodzakelijk was} 29. Ne2 {Waarna ik een
geforceerde winst gevonden dacht te hebben met} Nf3+ 30. Kf1 e4 31. Rd6 {
De torens moeten elkaar blijven dekken.} Rh1+ 32. Bxh1 Rxh1+ 33. Kg2 Rh2+ 34.
Kf1 Bd5 $1 {en ik zag geen zet meer voor wit. relatief het beste is
waarschijnlijk} 35. Rg6 Rh1+ 36. Ng1 Rxg1+ 37. Ke2 Rxd1 38. Kxd1 Be6 {maar dit
eindspel is hopeloos voor wit.}) 29... f4 {35'} 30. gxf4 {28'} exf4 31. f3 (31.
Ke1 Rh2 32. Bf1 Bf5 {gevolgd door Pe4 en g3.}) 31... gxf3 32. Bxf3 Nxf3 33.
Rxf3 Rh1+ {en wit geeft op.} 0-1